000 00560nam a22001817a 4500
005 20251128113838.0
008 251125b |||||||| |||| 00| 0 eng d
020 _a978-93-48565-95-2
041 _aeng
082 _a615.9 MIS-T
100 _aMISHRA, DR. RAVINESH , SHARMA, DR. BHARTENDU, AND SHARMA, PRIYA
_98816
245 _aTEXTBOOK OF PHARMACEUTICAL REGULATORY SCIENCE FOR THE B. PHARM [8TH SEM]
250 _a1ST 2025
260 _aNEW DELHI
_bINNOVATIVE PUBLICATION PVT.LTD
_c2025
300 _a108;P
650 _aPHARMACY
_xB.PHARMA
942 _cBK
999 _c8997
_d8995